[Event "Altea Cap Negret op 65+ 1st"]
[Site "Altea"]
[Date "2023.11.14"]
[Round "3"]
[White "Okamura, Milton Kasuo"]
[Black "Van Caspel, Ruud"]
[Result "1-0"]
[WhiteElo "1934"]
[BlackElo "1967"]
[PlyCount "59"]
[EventDate "2023.11.12"]
[EventType "swiss"]
[EventRounds "8"]
[EventCountry "ESP"]
[SourceTitle "CB49_2023"]
[SourceDate "2023.12.06"]
[SourceVersion "1"]
[SourceVersionDate "2023.12.06"]
[SourceQuality "1"]

1. d4 g6 2. c4 Bg7 3. Nf3 c6 4. e4 d5 5. cxd5 cxd5 6. e5 Bg4 7. Nbd2 Nc6 8. Bd3 Bxf3 9. Nxf3 e6 10. 0-0 Nge7 11. Be3 0-0 12. Qd2 Qa5 13. Qe2 Rfc8 14. a3 Rc7 15. h4 Rac8 16. g4 Qb6 17. b4 a6 18. Rab1 Na7 19. a4 Nac6 20. a5 Qa7 21. Kg2 Nb8 22. h5 b5 23. hxg6 hxg6 24. Bd2 Nec6 25. Qe3 Nd7 26. Rh1 Ra8 27. Qf4 Nf8 28. Rh3 Rcc8 29. Rbh1 Qe7 30. g5 1-0

[Event "Pan American-ch Seniors 65"]
[Site "Lima"]
[Date "2023.04.30"]
[Round "7"]
[White "Okamura, Milton Kasuo"]
[Black "Castro Murillo, Gonzalo Fernando"]
[Result "0-1"]
[WhiteElo "1995"]
[BlackElo "2095"]
[PlyCount "90"]
[EventDate "2023.04.26"]
[EventType "swiss"]
[EventRounds "9"]
[EventCountry "PER"]
[SourceTitle "CBM 214 Extra"]
[Source "ChessBase"]
[SourceDate "2023.07.31"]
[SourceVersion "1"]
[SourceVersionDate "2023.07.31"]
[SourceQuality "1"]

1. d4 Nf6 2. c4 c5 3. d5 b5 4. cxb5 a6 5. bxa6 Bxa6 6. Nc3 d6 7. e4 Bxf1 8. Kxf1 g6 9. Nf3 Bg7 10. g3 0-0 11. Kg2 Nbd7 12. Qe2 Qc7 13. a4 Rfb8 14. Nb5 Qb7 15. Nd2 Nb6 16. Nc3 e6 17. Nc4 Nxc4 18. Qxc4 exd5 19. exd5 Qd7 20. Qd3 Rb4 21. Qf3 Ng4 22. a5 h5 23. h3 Ne5 24. Qe2 Qc7 25. Re1 c4 26. a6 Nd3 27. Rd1 h4 28. Rxd3 cxd3 29. Qxd3 hxg3 30. fxg3 Qb6 31. Ra2 Be5 32. Qe2 Rb3 33. Be3 Bd4 34. Bxd4 Qxd4 35. Qf2 Qxf2+ 36. Kxf2 Rb6 37. a7 Kf8 38. Ke3 Rb7 39. Kd3 Rbxa7 40. Rxa7 Rxa7 41. b4 Ke7 42. b5 Kd7 43. Kc4 Kc7 44. Kb4 Ra1 45. Na4 Rb1+ 0-1

[Event "Rio de Janeiro Duchamp op 4th"]
[Site "Rio de Janeiro"]
[Date "2022.12.14"]
[Round "9"]
[White "Fernandez, Maria Florencia"]
[Black "Okamura, Milton Kasuo"]
[Result "1-0"]
[WhiteElo "2196"]
[BlackElo "1964"]
[PlyCount "57"]
[EventDate "2022.12.07"]
[EventType "swiss"]
[EventRounds "9"]
[EventCountry "BRA"]
[SourceTitle "EXT 2024"]
[Source "ChessBase"]
[SourceDate "2023.10.10"]
[SourceVersion "1"]
[SourceVersionDate "2023.10.10"]
[SourceQuality "1"]

1. d4 d5 2. c4 c6 3. Nc3 Nf6 4. e3 e6 5. Nf3 Nbd7 6. Qc2 Bd6 7. b3 0-0 8. Be2 e5 9. cxd5 cxd5 10. Nb5 Bb8 11. dxe5 Nxe5 12. Nbd4 Bd7 13. 0-0 Bd6 14. Bb2 Rc8 15. Qd1 Qe7 16. Rc1 Rfe8 17. Rxc8 Rxc8 18. Qa1 Re8 19. Rd1 Neg4 20. Bc1 Ne4 21. Rf1 Rc8 22. Bb5 Bxb5 23. Nxb5 Bb8 24. Ba3 Qe6 25. Bc1 Qh6 26. h3 Ngxf2 27. Rxf2 Qc6 28. Rf1 Qxb5 29. Ne5 1-0

[Event "Rio de Janeiro Duchamp op 4th"]
[Site "Rio de Janeiro"]
[Date "2022.12.12"]
[Round "7"]
[White "Okamura, Milton Kasuo"]
[Black "Librelato, Kathie Goulart"]
[Result "0-1"]
[WhiteElo "1964"]
[BlackElo "2194"]
[PlyCount "81"]
[EventDate "2022.12.07"]
[EventType "swiss"]
[EventRounds "9"]
[EventCountry "BRA"]
[SourceTitle "CBM 211 Extra"]
[Source "ChessBase"]
[SourceDate "2023.01.31"]
[SourceVersion "1"]
[SourceVersionDate "2023.01.31"]
[SourceQuality "1"]

1. d4 Nf6 2. c4 g6 3. Nc3 Bg7 4. e4 d6 5. Nf3 0-0 6. Be2 Na6 7. 0-0 e5 8. Be3 Ng4 9. Bg5 Qe8 10. dxe5 dxe5 11. h3 Nf6 12. Be3 Qe7 13. a3 Nc5 14. Qc2 c6 15. b4 Ne6 16. Rfd1 Nh5 17. c5 Nhf4 18. Rd6 Nxe2+ 19. Nxe2 Nc7 20. Nc3 f6 21. Rad1 Be6 22. a4 Ne8 23. R6d2 h6 24. Ne1 f5 25. f3 Qh4 26. b5 Bf6 27. Qb1 Rf7 28. a5 cxb5 29. Qxb5 Rc8 30. Qb1 Bd8 31. Qb5 Nc7 32. Qa4 Qe7 33. Nd3 Bd7 34. Qb3 Bc6 35. Nd5 Qe6 36. N3b4 Nb5 37. Qb2 Bxa5 38. Bxh6 Bxd5 39. exd5 Qf6 40. Be3 e4 41. fxe4 0-1

[Event "Niteroi op 2nd"]
[Site "Niteroi"]
[Date "2022.09.04"]
[Round "6"]
[White "Okamura, Milton Kasuo"]
[Black "Guimaraes, Wagner Peixoto"]
[Result "0-1"]
[WhiteElo "1960"]
[BlackElo "2188"]
[PlyCount "64"]
[EventDate "2022.09.01"]
[EventType "swiss"]
[EventRounds "9"]
[EventCountry "BRA"]
[SourceTitle "CBM 210 Extra"]
[Source "ChessBase"]
[SourceDate "2022.11.30"]
[SourceVersion "1"]
[SourceVersionDate "2022.11.30"]
[SourceQuality "1"]

1. d4 e6 2. c4 Nf6 3. Nc3 Bb4 4. e3 c5 5. Nge2 0-0 6. a3 Bxc3+ 7. Nxc3 cxd4 8. exd4 d5 9. Be2 dxc4 10. Bxc4 Nc6 11. Be3 a6 12. 0-0 Qd6 13. f3 Rd8 14. Ne2 b5 15. Ba2 Bb7 16. Qe1 Nd5 17. Bg5 f6 18. Bc1 Kh8 19. Qh4 Nde7 20. Bb1 Nf5 21. Bxf5 exf5 22. Rd1 Qe6 23. Qf2 Qc4 24. Bf4 Re8 25. Rd2 Na5 26. Rc1 Qe6 27. Nc3 Qb3 28. h4 Nc4 29. Rdc2 Rad8 30. Nd1 Qd3 31. a4 Qxd4 32. Bg3 Re1+ 0-1

[Event "BRA-ch Seniors 65"]
[Site "Joao Pessoa"]
[Date "2022.08.19"]
[Round "2"]
[White "Baltar, Petrov Ferreira"]
[Black "Okamura, Milton Kasuo"]
[Result "0-1"]
[WhiteElo "1652"]
[BlackElo "1993"]
[PlyCount "90"]
[EventDate "2022.08.19"]
[EventType "swiss"]
[EventRounds "5"]
[EventCountry "BRA"]
[SourceTitle "CBM 210 Extra"]
[Source "ChessBase"]
[SourceDate "2022.11.30"]
[SourceVersion "1"]
[SourceVersionDate "2022.11.30"]
[SourceQuality "1"]

1. e4 c5 2. Nf3 e6 3. d4 cxd4 4. Nxd4 Nc6 5. Nc3 Qc7 6. Be2 a6 7. a4 Nf6 8. Bg5 Be7 9. 0-0 0-0 10. h3 d6 11. Be3 Bd7 12. f4 Na5 13. Qd3 Rac8 14. f5 Nc4 15. Qxc4 Qxc4 16. Bxc4 Rxc4 17. fxe6 fxe6 18. g4 h6 19. Kg2 Rfc8 20. Kf3 Bf8 21. Rfe1 Rb4 22. Reb1 Rcc4 23. a5 Rxd4 24. Bxd4 Rxd4 25. Ke3 Rb4 26. Kd3 Bc6 27. Re1 e5 28. b3 Rd4+ 29. Ke3 Nxe4 30. Nxe4 Rxe4+ 31. Kd3 Rd4+ 32. Ke3 Be7 33. Red1 Bg5+ 34. Ke2 Re4+ 35. Kf2 d5 36. Rd3 Bh4+ 37. Kg1 Re2 38. c4 d4 39. b4 Rb2 40. b5 axb5 41. cxb5 Bxb5 42. Rf3 Bc6 43. Rf5 e4 44. a6 bxa6 45. Rc1 Bb7 0-1

[Event "Rio de Janeiro op"]
[Site "Rio de Janeiro"]
[Date "2022.04.23"]
[Round "5"]
[White "Lutuima, Amaro"]
[Black "Okamura, Milton Kasuo"]
[Result "1-0"]
[WhiteElo "2068"]
[BlackElo "1907"]
[PlyCount "103"]
[EventDate "2022.04.21"]
[EventType "swiss"]
[EventRounds "6"]
[EventCountry "BRA"]
[SourceTitle "EXT 2023"]
[Source "ChessBase"]
[SourceDate "2022.10.05"]
[SourceVersion "1"]
[SourceVersionDate "2022.10.05"]
[SourceQuality "1"]

1. e4 c5 2. Nf3 e6 3. d4 cxd4 4. Nxd4 Nc6 5. Nc3 Qc7 6. a3 a6 7. Be3 Nf6 8. g3 Be7 9. Bg2 Ne5 10. 0-0 Nc4 11. Bc1 0-0 12. Nce2 d6 13. b3 Ne5 14. c4 Bd7 15. a4 Rab8 16. f4 Nc6 17. h3 e5 18. Nf5 Bxf5 19. exf5 b5 20. cxb5 axb5 21. Be3 Na5 22. g4 bxa4 23. bxa4 Nb3 24. Rb1 Nc5 25. Rxb8 Qxb8 26. fxe5 dxe5 27. g5 Rd8 28. Qc2 Nfd7 29. f6 gxf6 30. gxf6 Bf8 31. Nc3 Qb3 32. Qd2 Rc8 33. Bd5 Qb4 34. Qg2+ Kh8 35. Bxf7 Nxf6 36. Rxf6 Bg7 37. Nd5 Qb7 38. Rf1 Nxa4 39. Be6 Re8 40. Rf7 Qb1+ 41. Kh2 Qb2 42. Rxg7 Qxg2+ 43. Rxg2 Rxe6 44. Ra2 Rd6 45. Ne7 Re6 46. Rxa4 Rxe7 47. Ra8+ Kg7 48. Ra7 Rxa7 49. Bxa7 Kf6 50. Kg3 Kf5 51. Kf3 Kg5 52. Bf2 1-0

[Event "Florianopolis op 8th"]
[Site "Florianopolis"]
[Date "2022.01.30"]
[Round "10"]
[White "Tsuchie, Pedro Pinheiro"]
[Black "Okamura, Milton Kasuo"]
[Result "1-0"]
[WhiteElo "1660"]
[BlackElo "1912"]
[PlyCount "75"]
[EventDate "2022.01.24"]
[EventType "swiss"]
[EventRounds "10"]
[EventCountry "BRA"]
[SourceTitle "EXT 2023"]
[Source "ChessBase"]
[SourceDate "2022.10.05"]
[SourceVersion "1"]
[SourceVersionDate "2022.10.05"]
[SourceQuality "1"]

1. e4 c5 2. Nf3 e6 3. d4 cxd4 4. Nxd4 Nc6 5. Nc3 Qc7 6. g3 a6 7. Bg2 Nf6 8. 0-0 Be7 9. Re1 0-0 10. Nxc6 dxc6 11. Be3 e5 12. Na4 Bg4 13. Bf3 Rfd8 14. Qe2 Bxf3 15. Qxf3 Nd7 16. Rad1 Qa5 17. Qf5 g6 18. Qh3 Nf6 19. Nb6 Rab8 20. a3 Qb5 21. Nd7 Nxd7 22. Rxd7 Bf6 23. b3 Rxd7 24. Qxd7 Qa5 25. b4 Rd8 26. Qxb7 Qxa3 27. Qxc6 Qxb4 28. Ra1 Rd6 29. Qc8+ Kg7 30. c3 Qxe4 31. Bh6+ Kxh6 32. Qf8+ Bg7 33. Qxd6 Qf3 34. Qd2+ Kh5 35. Rxa6 e4 36. Ra5+ f5 37. Ra7 Qxc3 38. Qf4 1-0

[Event "BRA-ch 87th"]
[Site "Cuiaba"]
[Date "2021.11.01"]
[Round "7"]
[White "Okamura, Milton Kasuo"]
[Black "Vargas, Roberto Carlos Melg"]
[Result "1-0"]
[WhiteElo "1937"]
[BlackElo "1722"]
[PlyCount "85"]
[EventDate "2021.10.28"]
[EventType "swiss"]
[EventRounds "11"]
[EventCountry "BRA"]
[SourceTitle "CBM 205 Extra"]
[Source "ChessBase"]
[SourceDate "2022.01.31"]
[SourceVersion "1"]
[SourceVersionDate "2022.01.31"]
[SourceQuality "1"]

1. d4 Nf6 2. c4 g6 3. Nc3 Bg7 4. e4 d6 5. Nf3 0-0 6. Be2 e5 7. 0-0 exd4 8. Nxd4 Re8 9. f3 Bd7 10. Be3 Nc6 11. Qd2 a6 12. Nc2 Qe7 13. Bg5 Qf8 14. Rac1 h6 15. Be3 Rad8 16. Nd5 Nxd5 17. cxd5 Nb8 18. Nd4 c6 19. dxc6 Nxc6 20. Nxc6 Bxc6 21. Bb6 Rd7 22. Bc4 Qe7 23. Rfd1 Qh4 24. Bf2 Qe7 25. Qb4 b5 26. Bd5 Ba8 27. b3 Bxd5 28. Rxd5 Qd8 29. Qd2 Re5 30. Rc6 Rxd5 31. Qxd5 Qf6 32. Qd1 Qa1 33. Qxa1 Bxa1 34. Be3 Bg7 35. Rxa6 d5 36. Ra8+ Kh7 37. Ra7 Rxa7 38. Bxa7 dxe4 39. fxe4 Be5 40. a4 bxa4 41. bxa4 Kg7 42. Bb6 Kf8 43. a5 1-0

[Event "BRA-ch 87th"]
[Site "Cuiaba"]
[Date "2021.10.29"]
[Round "2"]
[White "Carstens Dobuchak, Thiago"]
[Black "Okamura, Milton Kasuo"]
[Result "1-0"]
[WhiteElo "2179"]
[BlackElo "1937"]
[PlyCount "43"]
[EventDate "2021.10.28"]
[EventType "swiss"]
[EventRounds "11"]
[EventCountry "BRA"]
[SourceTitle "CBM 205 Extra"]
[Source "ChessBase"]
[SourceDate "2022.01.31"]
[SourceVersion "1"]
[SourceVersionDate "2022.01.31"]
[SourceQuality "1"]

1. e4 c5 2. Nf3 e6 3. d4 cxd4 4. Nxd4 Nc6 5. Nc3 Qc7 6. Be2 a6 7. 0-0 Nf6 8. Be3 Be7 9. Kh1 0-0 10. f4 d6 11. a3 Bd7 12. Bd3 b5 13. Qf3 Rfe8 14. Rae1 Rac8 15. Qg3 g6 16. Nxc6 Bxc6 17. f5 Nd7 18. fxe6 fxe6 19. Qh3 Bf8 20. Rf7 Bg7 21. Ref1 Qd8 22. Bh6 1-0